[Event "Merida Torre Memorial 34th"]
[Site "Merida"]
[Date "2024.12.16"]
[Round "6"]
[White "Trevino, Luna Angel Daniel"]
[Black "Gonzalez, Tun Aaron"]
[Result "0-1"]
[WhiteElo "1933"]
[BlackElo "2000"]
[PlyCount "98"]
[EventDate "2024.12.13"]
[EventType "swiss"]
[EventRounds "9"]
[EventCountry "MEX"]
[SourceTitle "CB52_2024"]
[SourceDate "2024.12.25"]
[SourceVersion "1"]
[SourceVersionDate "2024.12.25"]
[SourceQuality "1"]

1. d4 Nf6 2. Bf4 c5 3. d5 d6 4. Nc3 Qa5 5. a4 g6 6. Bd2 Qd8 7. e4 Bg7 8. f4 0-0 9. Nf3 e6 10. dxe6 Bxe6 11. Be2 Nc6 12. 0-0 Nd4 13. f5 gxf5 14. exf5 Nxf5 15. Bd3 c4 16. Bxf5 Qb6+ 17. Kh1 Bxf5 18. Nh4 Bg6 19. Nf5 Bxf5 20. Rxf5 d5 21. a5 Qe6 22. Qf3 Ne4 23. Bg5 Nxc3 24. bxc3 Qe4 25. Qf2 Rae8 26. Rf1 f6 27. Bxf6 Rf7 28. Rf4 Qe3 29. Bh4 Qxf2 30. R4xf2 Rxf2 31. Bxf2 Bxc3 32. Bxa7 Bxa5 33. Bf2 Re2 34. h3 Rxc2 35. Bd4 Rd2 36. Be3 Re2 37. Rf3 Re1+ 38. Kh2 Bc7+ 39. g3 Be5 40. Kg2 d4 41. Bg5 d3 42. Kf2 Re2+ 43. Kf1 b5 44. Bh6 Bg7 45. Bg5 b4 46. Bf6 Bxf6 47. Rxf6 b3 48. Rb6 b2 49. h4 Rc2 0-1

[Event "Merida Torre Memorial 34th"]
[Site "Merida"]
[Date "2024.12.15"]
[Round "4"]
[White "Leal Escamilla, Daniel Zinedine"]
[Black "Gonzalez, Tun Aaron"]
[Result "0-1"]
[WhiteElo "1963"]
[BlackElo "2000"]
[PlyCount "116"]
[EventDate "2024.12.13"]
[EventType "swiss"]
[EventRounds "9"]
[EventCountry "MEX"]
[SourceTitle "CB52_2024"]
[SourceDate "2024.12.25"]
[SourceVersion "1"]
[SourceVersionDate "2024.12.25"]
[SourceQuality "1"]

1. d4 Nf6 2. Nf3 d5 3. e3 c5 4. Nbd2 Nc6 5. dxc5 e6 6. a3 a5 7. b3 Bxc5 8. Bb2 0-0 9. Be2 b6 10. 0-0 Bb7 11. Nd4 Ne7 12. N2f3 Ne4 13. Bd3 Ng6 14. c4 Qe7 15. Qe2 Nd6 16. cxd5 e5 17. Nf5 Nxf5 18. Bxf5 e4 19. Nd2 Bxd5 20. Qh5 Rad8 21. Rfd1 Rfe8 22. h4 b5 23. g3 Bb7 24. Qe2 Rd3 25. h5 Ne5 26. Nxe4 Rxb3 27. Nxc5 Nf3+ 28. Kf1 Qxc5 29. Bh3 Qxh5 30. Bg2 Qh2 31. Bxf3 Rxb2 32. Bxb7 Rxe2 33. Kxe2 Qh5+ 34. Bf3 Qe5 35. Rab1 Rb8 36. Rd5 Qc3 37. Rbxb5 Qc4+ 38. Ke1 Qxb5 39. Rxb5 Rxb5 40. Bc6 Rb2 41. a4 h5 42. Bf3 g6 43. Be2 Kg7 44. Bb5 Kf6 45. Be8 Ke7 46. Bc6 f6 47. Kf1 Rb6 48. Be4 f5 49. Bd5 Kd6 50. Bf7 Kc5 51. Ke2 Kb4 52. Be8 g5 53. Kf3 Rd6 54. Ke2 Rd8 55. Bb5 Rd6 56. f3 Kc3 57. e4 f4 58. gxf4 gxf4 0-1

[Event "Merida Torre Memorial 34th"]
[Site "Merida"]
[Date "2024.12.14"]
[Round "2"]
[White "Limon Olmos, Ivan Alonso"]
[Black "Gonzalez, Tun Aaron"]
[Result "0-1"]
[WhiteElo "2162"]
[BlackElo "2000"]
[PlyCount "76"]
[EventDate "2024.12.13"]
[EventType "swiss"]
[EventRounds "9"]
[EventCountry "MEX"]
[SourceTitle "CB52_2024"]
[SourceDate "2024.12.25"]
[SourceVersion "1"]
[SourceVersionDate "2024.12.25"]
[SourceQuality "1"]

1. d4 Nf6 2. Nf3 d5 3. c4 e6 4. Nc3 dxc4 5. Bg5 a6 6. e3 b5 7. Be2 Bb7 8. 0-0 Nbd7 9. a4 c6 10. Qc2 h6 11. Bh4 Qb6 12. Rfd1 Bb4 13. Ne5 Nxe5 14. dxe5 Nd7 15. Bh5 Qc7 16. f4 Bxc3 17. Qxc3 Nc5 18. Qa3 Nd3 19. Be2 g5 20. Bxd3 0-0-0 21. Bxc4 gxh4 22. axb5 cxb5 23. Be2 Kb8 24. Qa5 Rxd1+ 25. Bxd1 Rg8 26. Qxc7+ Kxc7 27. Rc1+ Kb6 28. Rc2 h3 29. g3 Rd8 30. Bh5 Be4 31. Rf2 Rd3 32. Bxf7 Bg2 33. Rc2 Rd1+ 34. Kf2 Be4 35. Re2 Rh1 36. Bxe6 Rxh2+ 37. Kg1 Rxe2 38. Bxh3 Kc5 0-1